Bicycle (Record no. 7594)

MARC details
000 -CABECERA
campo de control de longitud fija 01041nam a2200229 a 4500
001 - NÚMERO DE CONTROL
campo de control BRCA_7924
005 - FECHA Y HORA DE LA ÚLTIMA TRANSACCIÓN
campo de control 20190320210044.0
008 - DATOS DE LONGITUD FIJA--INFORMACIÓN GENERAL
campo de control de longitud fija 060314s2004----u--a###f##---#001-0#eng-#
020 ## - NÚMERO INTERNACIONAL ESTÁNDAR DEL LIBRO
Número Internacional Estándar del Libro 9780300120479
041 ## - CÓDIGO DE LENGUA
Código de lengua del texto/banda sonora o título independiente eng
044 ## - CÓDIGO DEL PAÍS DE LA ENTIDAD EDITORA/PRODUCTORA
Código MARC del país u
050 #4 - SIGNATURA TOPOGRÁFICA DE LA BIBLIOTECA DEL CONGRESO
Número de clasificación TL410
Número de documento/Ítem .H43 2004
100 1# - ENTRADA PRINCIPAL--NOMBRE DE PERSONA
Nombre de persona Herlihy, David V.
9 (RLIN) 19602
245 10 - MENCIÓN DE TÍTULO
Título Bicycle
Resto del título the history
Mención de responsabilidad, etc. David V. Herlihy.
260 ## - PUBLICACIÓN, DISTRIBUCIÓN, ETC.
Lugar de publicación, distribución, etc. Estados Unidos
Nombre del editor, distribuidor, etc. Yale University Press
Fecha de publicación, distribución, etc. 2004
300 ## - DESCRIPCIÓN FÍSICA
Extensión 470 p.
Otras características físicas il. (algunas a color)
Dimensiones 25 cm.
500 ## - NOTA GENERAL
Nota general Incluye índice alfabético
520 3# - SUMARIO, ETC.
Sumario, etc. Obra que nos remonta a los orígenes de la bicicleta, primero como medio de transporte y luego de diversión. El autor narra apoyado de ilustraciones cómo este artilugio se volvió parte indispensable en nuestra cultura, en centros de trabajo y hogares; y cómo la variedad en diseño y materiales la han ido convirtiendo en una opción práctica y ecológica como medio de transporte
650 14 - PUNTO DE ACCESO ADICIONAL DE MATERIA--TÉRMINO DE MATERIA
Término de materia o nombre geográfico como elemento de entrada Bicicletas
Subdivisión general Diseño y construcción
9 (RLIN) 19223
650 14 - PUNTO DE ACCESO ADICIONAL DE MATERIA--TÉRMINO DE MATERIA
Término de materia o nombre geográfico como elemento de entrada Bicicletas
Subdivisión general Historia
9 (RLIN) 19224
942 ## - ELEMENTOS DE PUNTO DE ACCESO ADICIONAL (KOHA)
Fuente del sistema de clasificación o colocación Library of Congress Classification
Tipo de ítem Koha Libros
Holdings
Estado de retiro Estado de pérdida Estado dañado No para préstamo Localización permanente Ubicación/localización actual Fecha de adquisición Total de préstamos Signatura topográfica completa Código de barras Fecha visto por última vez Precio válido a partir de Tipo de ítem Koha
El ejemplar forma parte de la colección y puede ser consultado según las políticas vigentes.       Biblioteca del Museo Franz Mayer (Rogerio Casas-Alatriste) Biblioteca del Museo Franz Mayer (Rogerio Casas-Alatriste) 06/03/2014   TL410 .H43 2004 02785 22/03/2019 22/03/2019 Libros